000
00235 a2200097 4500
001
27746
100
_a
Findlay, J N
245
_a
Plato the written & unwritten doctrines
260
_a
_b
Routledge & Kegan Paul
_c
090
_c
18532
_d
18532
942
_a
NUST-CAE
_c
M
_c
9483
999
_c
262819
_d
262819